| 000 | 00000nam 2200000zi 4500 |
| 001 | 9.956684 |
| 003 | CaOODSP |
| 005 | 20251031142449 |
| 006 | m o d f |
| 007 | cr mn||||||||| |
| 008 | 251024t20202020oncab ob f000 0 eng d |
| 040 | |aCaOODSP|beng|erda|cCaOODSP |
| 043 | |an-cn-qu |
| 045 | |av9v9 |
| 086 | 1 |aM183-2/8739E-PDF |
| 100 | 1 |aLamontagne, Maurice, |d1959- |eauthor. |
| 245 | 14|aThe 1791 magnitude (Mw) 5.5 earthquake, Charlevoix, Quebec : |binterpretation of macroseismic information / |cM. Lamontagne. |
| 264 | 1|a[Ottawa] : |bNatural Resources Canada = Ressources naturelles Canada, |c2020. |
| 264 | 4|c©2020 |
| 300 | |a1 online resource (26 pages) : |billustrations (some colour), maps (some colour). |
| 336 | |atext|btxt|2rdacontent |
| 337 | |acomputer|bc|2rdamedia |
| 338 | |aonline resource|bcr|2rdacarrier |
| 490 | 1 |aGeological Survey of Canada open file, |x2816-7155 ; |v8739 |
| 500 | |aISSN of series supplied from ISSN Portal. |
| 504 | |aIncludes bibliographical references (pages 17-20). |
| 520 | 3 |a"The December 6, 1791 magnitude 6 Charlevoix earthquake occurred at approximately 8:00 p.m. local time (December 7, 1791, 01:00 U.T.). Based on felt reports, the epicentre of the main shock is located near the St. Lawrence River in the area enclosing on the North Shore, Baie St-Paul and the Île-aux-Coudres and on the south shore, the town of Kamouraska. These three places sustained the most damage from the earthquake, mostly to house wares and masonry chimneys. The churches of Bas-des-Éboulements (now St-Joseph-dela- Rive) and Kamouraska were damaged. In the following weeks, dozens of aftershocks continued to shake the epicentral area, keeping local residents on high alert. The 1791 earthquake is one of five known moment magnitude 5.5 to 7 events that have occurred in the Charlevoix Seismic Zone (CSZ) between 1663 and the present. Given that this earthquake occurred in the late 1700's and far from major cities, felt accounts and newspaper reports are limited in number. It was felt in Quebec City but not reported felt in Montreal, New England or New Brunswick. This Open File Report presents the macroseismic information and its ratings on the Modified Mercalli Scale for a total of nine locations in Canada. For each locality, the felt information is rated on the Modified Mercalli intensity (MMI) scale and tabulated in a Microsoft Excel sheet. The text of some of the newspaper accounts were copied. The Open File also provides a GoogleEarth kmz file that allows the felt information reports to be viewed in a spatial tool"--Abstract, page 1. |
| 650 | 0|aEarthquakes|zQuébec (Province)|zCharlevoix Region. |
| 650 | 0|aEarthquake intensity|zQuébec (Province) |
| 650 | 0|aEarthquake damage|zQuébec (Province) |
| 650 | 6|aTremblements de terre|zQuébec (Province)|zCharlevoix (Région) |
| 650 | 6|aTremblements de terre|xIntensité|zQuébec (Province) |
| 650 | 6|aDommages causés par les tremblements de terre|zQuébec (Province) |
| 710 | 2 |aGeological Survey of Canada, |eissuing body. |
| 830 | #0|aOpen file (Geological Survey of Canada)|v8739.|w(CaOODSP)9.506878 |
| 856 | 40|qPDF|s8.19 MB|uhttps://publications.gc.ca/collections/collection_2025/rncan-nrcan/m183-2/M183-2-8739-eng.pdf|zOpen file report |
| 856 | 4 |qHTML|sN/A|uhttps://doi.org/10.4095/326946|zComplete dataset |